|
|
|
|
| LEADER |
01530nam a2200301 a 4500 |
| 001 |
15693 |
| 003 |
BD-DhAAL |
| 005 |
20231018132041.0 |
| 008 |
090820s1999 enka b 001 0 eng d |
| 010 |
|
|
|a 86195829
|
| 020 |
|
|
|a 019437081X (pbk.)
|
| 020 |
|
|
|a 9780194370813
|
| 040 |
|
|
|a DLC
|c DLC
|d DLC
|d BD-DhAAL
|
| 082 |
0 |
0 |
|a 401.93
|2 23
|
| 100 |
1 |
|
|a Ellis, Rod.
|9 905
|
| 245 |
1 |
0 |
|a Understanding second language acquisition /
|c Rod Ellis.
|
| 260 |
|
|
|a Oxford ;
|a New York :
|b Oxford University Press,
|c 1985 [2012].
|
| 300 |
|
|
|a 327 pages :
|b illustrations ;
|c 24 cm.
|
| 504 |
|
|
|a Includes Bibliography: pages [307]-323 and index.
|
| 526 |
|
|
|a BIED
|
| 541 |
1 |
|
|a Complimentary copy from BIED
|e 15693, 36192
|
| 650 |
|
0 |
|a Second language acquisition.
|9 36923
|
| 852 |
4 |
|
|a Ayesha Abed Library
|c General Stacks
|
| 942 |
|
|
|2 ddc
|c BK
|
| 999 |
|
|
|c 3497
|d 3497
|
| 952 |
|
|
|0 0
|1 0
|2 ddc
|4 0
|6 401_930000000000000_ELL
|7 0
|9 3176
|a BRACUL
|b BRACUL
|c GEN
|d 2009-09-01
|g 0.00
|l 17
|m 74
|o 401.93 ELL
|p 3010015693
|r 2024-10-26
|s 2024-09-07
|t 1
|w 2009-09-01
|y BK
|x No price found in the accession register.
|
| 952 |
|
|
|0 0
|1 0
|2 ddc
|4 0
|6 401_930000000000000_ELL
|7 0
|9 21087
|a BRACUL
|b BRACUL
|c GEN
|d 2012-09-11
|e Karim International
|g 1020.00
|l 14
|m 61
|o 401.93 ELL
|p 3010025947
|r 2024-10-04
|s 2024-09-07
|t 2
|w 2012-09-11
|y BK
|
| 952 |
|
|
|0 0
|1 0
|2 ddc
|4 0
|6 401_930000000000000_ELL
|7 0
|9 67099
|a BRACUL
|b BRACUL
|c GEN
|d 2019-11-11
|e Complimentary copy from BIED
|g 1020.00
|l 2
|m 17
|o 401.93 ELL
|p 3010036192
|q 2026-05-21
|r 2026-01-17
|s 2026-01-17
|t 3
|w 2019-11-11
|y BK
|x Transferred from BIED to General Stacks
|